New age: ¿moda o desafío?
Gorde:
| Egile Nagusiak: | , |
|---|---|
| Formatua: | Liburua |
| Hizkuntza: | gaztelania |
| Argitaratua: |
Buenos Aires
Ciudad Nueva
1994
|
| Saila: | Colección Ideas, 15
|
| Gaiak: | |
| Etiketak: |
Etiketa erantsi
Etiketarik gabe, Izan zaitez lehena erregistro honi etiketa jartzen!
|
MARC
| LEADER | 00000nam a2200000 a 4500 | ||
|---|---|---|---|
| 001 | UCN2782 | ||
| 003 | CL-VaPUC | ||
| 008 | 010608e19940000AG |||||||||||||||||spa|d | ||
| 082 | 0 | 4 | |a 261.8 |b BAG |2 21 |
| 100 | 0 | |a Baggio, Antonio M |e author |9 458937 | |
| 700 | 0 | |a Suárez, Gerardo Adrián |e author |9 458938 | |
| 245 | 1 | 0 | |a New age: ¿moda o desafío? |
| 300 | |a 73 p | ||
| 942 | |c BK | ||
| 945 | |d 20010608 00:00:00 |a vberengu | ||
| 260 | |a Buenos Aires |b Ciudad Nueva |c 1994 | ||
| 650 | 7 | |a MOVIMIENTO NEW AGE |2 CL-VaPUC |9 458939 | |
| 650 | 7 | |a NUEVA ERA |2 CL-VaPUC |9 458940 | |
| 650 | 0 | |a Movimientos sociales |9 315241 | |
| 583 | |a last modification |c 20010608 00:00:00 |k Rodrigo Vera | ||
| 490 | 0 | |a Colección Ideas, 15 | |
| 999 | |c 295819 |d 295817 | ||
| 952 | |0 0 |1 0 |4 0 |6 261_800000000000000_BAG_1994 |7 0 |8 A |9 349178 |a BIBTEO |b BIBTEO |d 2019-11-20 |i 3678601 |o 261.8 BAG 1994 |p 3678601 |r 2025-01-17 |w 2019-11-20 |y BK |k ICR | ||